| 000 | 00359nam a2200133Ia 4500 | ||
|---|---|---|---|
| 008 | 150202s9999 xx 000 0 und d | ||
| 020 | _a671426060 | ||
| 050 |
_aFIC _bFIC |
||
| 100 | _aCookson, Catherine. | ||
| 245 |
_aTilly alone / _cCatherine Cookson. |
||
| 260 |
_aNew York : _bPocket Books, _c1982. |
||
| 300 |
_a297 pages : _c18 cm. |
||
| 650 | _aFiction. | ||
| 999 |
_c282080 _d282080 |
||